01015nam a2200169 4500008001400000020001800014082001900032100003300051245007000084260007800154300003100232440005000263505029600313650010500609999001500714952011600729701.18 AL454s a9786076053690 a701.18bAL454s aAlonso Atienza, Loreto96483 aSin afuera aparente:bhacia una ecología de pantallas y humanos aCiudad de MéxicobInstituto Nacional de Bellas Artes y Literaturac2016 a19 p.billc20.5 x 13.5 cm nColección Abrevian Ensayosv6ta serie96484 tI. Lo tecnocientífico y la lógica culturaltII. Las interfaces tecnológicas, entre la presencia y la presentacióntIII. Sujetos, comunidades e imágenes afectadastIV. Sin botones de apagado. Pantallas como interfaces de controltV. Sin afuera aparentetReferencias bibliográficas xarte contemporáneoxarte - crítica e interpretaciónxarte - ensayosxarte - tecnología96485 c1535d1535 00102ddc4070aLVbLVcPensamientod2018-07-07l0o701.18 AL454sp004625r2018-07-07 00:00:00w2018-07-07y01